000 01120nam a2200289 a 4500
001 ASIN0195660420
003 OSt
005 20180116192422.0
008 140410s2002 xxu eng d
020 _a0195660420 (paperback)
_c$55.00
020 _a9780195660425 (paperback)
040 _csada
050 0 4 _aNA1502
082 0 4 _a720.954
100 1 _aKoch, Ebba.
_97517
245 1 0 _aMughal architecture :
_ban outline of its history and development /
_cEbba Koch.
260 _a[S.l.] :
_bOxford University Press, USA,
_c2002.
300 _a160 p. ;
_c23 cm.
490 1 _a1526-1858.
520 _aThis book provides a concise and richly-illustrated survey of the history of Mughal architecture and the various influences exerted on the Mughal style by earlier Indian, Persian, and central Asian-Timurid architecture as well as European engravings.
650 0 _aArchitecture, Mogul
_97518
650 0 _aIndia
_97519
650 0 _aIslamic architecture
_97520
830 0 _a1526-1858.
_97521
856 4 0 _3Amazon.com
_uhttp://www.amazon.com/exec/obidos/ASIN/0195660420/chopaconline-20
942 _2ddc
_cBK
999 _c353942
_d353942